Полное собрание романов, повестей и рассказов Роберта Льюиса Стивенсона. [Кн. 11]: Черная стрела (Запись № 12666134)

Подробности
000 -МАРКЕР
контрольное поле 01355nam2a2200241 4500
001 - ИДЕНТИФИКАТОР ЗАПИСИ
контрольное поле RU\NLR\BIBL_A\022073181
005 - ИДЕНТИФИКАТОР ВЕРСИИ
контрольное поле 20250625111414.0
035 ## - ДРУГИЕ СИСТЕМНЫЕ НОМЕРА
Идентификатор записи (NLR Aleph) 022073181
100 ## - ДАННЫЕ ОБЩЕЙ ОБРАБОТКИ
Данные общей обработки 20080428d1914 |||y0rusy50 ca
101 1# - ЯЗЫК РЕСУРСА
Язык текста, звукозаписи и т.д. русский
Язык оригинала английский
102 ## - СТРАНА ПУБЛИКАЦИИ ИЛИ ПРОИЗВОДСТВА
Страна публикации Российская Федерация
105 ## - ПОЛЕ КОДИРОВАННЫХ ДАННЫХ: ТЕКСТОВЫЕ МАТЕРИАЛЫ, МОНОГРАФИЧЕСКИЕ
Кодированные данные о монографическом текстовом документе a z 000ay
200 1# - ЗАГЛАВИЕ И СВЕДЕНИЯ ОБ ОТВЕТСТВЕННОСТИ
Основное заглавие Черная стрела
Сведения, относящиеся к заглавию повесть из времен войны Алой и Белой розы
Первые сведения об ответственности перевод А. П. Репиной
Последующие сведения об ответственности с 8 иллюстрациями Г. М. Пэджета
210 ## - ПУБЛИКАЦИЯ, РАСПРОСТРАНЕНИЕ И ДР.
Дата издания, распространения и т.д. [1914]
Место издания, распространения и т.д. Б. м.
215 ## - ФИЗИЧЕСКАЯ ХАРАКТЕРИСТИКА
Специфическое обозначение материала и объем 128 с.
Другие сведения о физической характеристике ил.
461 #0 - УРОВЕНЬ НАБОРА
Встроенное поле 001v19\rc\1960785
-- 2001#$aПолное собрание романов, повестей и рассказов Роберта Льюиса Стивенсона$e[перевод]$v[Кн. 11]
-- 700#1$aСтивенсон$bР. Л.$f1850-1894$gРоберт Льюис$3RU\NLR\AUTH\771316
Системный номер (АБИС) связанной записи 6932019
Автор Стивенсон, Р. Л. (1850-1894)
Место публикации Санкт-Петербург
Дата публикации [1913-1914]
Имя издателя, распространителя и т.д. Изд-во П. П. Сойкина
Сведения, относящиеся к заглавию [перевод]
Заглавие Полное собрание романов, повестей и рассказов Роберта Льюиса Стивенсона
Номер тома [Кн. 11]
702 #1 - ИМЯ ЛИЦА - ВТОРИЧНАЯ ОТВЕТСТВЕННОСТЬ
Начальный элемент ввода Пэджет
Часть имени, кроме начального элемента ввода Г. М.
Код отношения Иллюстратор
852 ## - МЕСТОНАХОЖДЕНИЕ И ШИФР ХРАНЕНИЯ
Идентификатор организации NLR
Шифр хранения (Call Number) 34.86.7.47(11)
942 ## - ДОПОЛНИТЕЛЬНЫЕ ЭЛЕМЕНТЫ ЗАПИСИ (АБИС)
Тип экземпляра АБИС Книга
980 ## - КОЛЛЕКЦИЯ
Название коллекции Национальная библиография
Экземпляры
Тип экземпляра Дата поступления Библиотека постоянного хранения Библиотека текущего хранения Место хранения Шифр хранения Штрих-код Статус экземпляра
Книга 16.11.2023 РНБ (Садовая) РНБ (Садовая) Русский книжный фонд -Главное здание, Ленинский читальный зал 34.86.7.47(11) 22073181-10